| 000 | 01175nam a22003497a 4500 | ||
|---|---|---|---|
| 003 | EG-ScBUE | ||
| 005 | 20220613100116.0 | ||
| 006 | m||||f ||z 00| 0 | ||
| 008 | 140922s2010 enka f 001 0 eng d | ||
| 020 | _a9781905085521 | ||
| 040 |
_aEG-ScBUE _beng _erda _cEG-ScBUE _dEG-ScBUE |
||
| 082 | 0 | 4 |
_222 _a425 _bWAL |
| 100 | 1 |
_aWalter, Elizabeth, _eauthor. _936092 |
|
| 245 | 1 | 0 |
_aUsing collocations for natural English / _cElizabeth Walter and Kate Woodford. |
| 264 | 1 |
_aSurrey, England : _bDelta Publishing, _c2010. |
|
| 300 |
_a128 pages : _bcolor illustrations ; _c30 cm + _e1 CD. |
||
| 336 |
_2rdacontent _atext _btxt |
||
| 336 |
_2rdacontent _asounds _bsnd |
||
| 337 |
_2rdamedia _aunmediated _bn |
||
| 337 |
_2rdamedia _aaudio _bs |
||
| 338 |
_2rdacarrier _avolume _bnc |
||
| 338 |
_2rdacarrier _acomputer disc _bcd |
||
| 490 | 0 | _aDelta natural English | |
| 500 | _aIncludes index. | ||
| 650 | 7 |
_aCollocation (Linguistics) _95458 _2BUEsh |
|
| 650 | 7 |
_aEnglish language _xIdioms. _912743 _2BUEsh |
|
| 651 | _2BUEsh | ||
| 653 |
_cSeptember2014 _bHHUUEENN |
||
| 655 |
_vReading book _934232 |
||
| 700 | 1 |
_aWoodford, Kate, _eauthor. _936094 |
|
| 942 |
_2ddc _k425 WAL _cBB |
||
| 999 |
_c18397 _d18369 |
||